| 000 | 01398cam a22002054a 4500 | ||
|---|---|---|---|
| 005 | 20250605164001.0 | ||
| 008 | 250528s ||||||||||||||||||||||||d | ||
| 035 | _a15620 | ||
| 020 | _a750618361 | ||
| 040 |
_aGR-AtMCL _bgre _dGR-AtMCL _eAACR2 |
||
| 245 | 1 | _aEuropean Business / Text and Cases | |
| 260 |
_bButterworth Heinemann, _c1994 |
||
| 300 | _a288 | ||
| 520 | _aA lively and comprehensive coverage of the subject for undergraduate and BTEC higher students combining text and cases in one book. Preface, Acknowledgements, Introduction, Introducing the European Business Environment, Making the Community Work, The Single Market after 1992, Regulating Competition in the EC, The European Community and External Relations: The Rise of a New Trading Superpower?, The EC Coal Industry: Into the Twenty-First Century, The European Community's Environmental Management and Audit Scheme, The ''Myth'' of the Level Playing Field: The Case of Contested Takeovers within the EC, Restructuring the Steel Industry in the European Community, EC Tourism: The Case of Euro Disneyland, European Collaboration in Aircraft Manufacture, The European Plastics Industry: Responding to Change, The European Car Market, Satellite Broadcasting: A Missed Opportunity for the SEM?, Index. | ||
| 700 | 1 |
_aBarnes Ian _91584 |
|
| 700 | 1 |
_aDavison Leigh _91585 |
|
| 942 | _cBK | ||
| 999 |
_c1189 _d1189 |
||